[Event "Moscow Petrosian Memorial op"]
[Site "Moscow"]
[Date "2015.01.12"]
[Round "9"]
[White "Zakirov, Artur"]
[Black "Tarasov, Danila"]
[Result "0-1"]
[WhiteElo "1681"]
[BlackElo "1846"]
[PlyCount "70"]
[EventDate "2015.01.04"]
[EventType "swiss"]
[EventRounds "9"]
[EventCountry "RUS"]
[SourceTitle "CBM 164 Extra"]
[Source "ChessBase"]
[SourceDate "2015.03.02"]
[SourceVersion "1"]
[SourceVersionDate "2015.03.02"]
[SourceQuality "1"]

1. e4 Nf6 2. e5 Nd5 3. d4 d6 4. c4 Nb6 5. Nf3 g6 6. Nc3 Bg7 7. Bg5 Bg4 8. Be2 Nc6 9. exd6 cxd6 10. c5 dxc5 11. dxc5 Nd7 12. Qa4 Bxc3+ 13. bxc3 Qa5 14. Qxa5 Nxa5 15. Be3 Rc8 16. Rd1 Nxc5 17. Rd5 b6 18. Bb5+ Kf8 19. Bd4 f6 20. Ng5 e5 21. Bxc5+ Rxc5 22. Rxc5 bxc5 23. Ne4 Ke7 24. Nxc5 Rd8 25. 0-0 Rd5 26. Ne4 Rxb5 27. f4 Bf5 28. Ng3 Ke6 29. fxe5 fxe5 30. h3 Rc5 31. Nxf5 gxf5 32. Rf3 e4 33. Re3 Ke5 34. Rg3 Kf4 35. Rg7 Rxc3 0-1

[Event "Moscow Petrosian Memorial op"]
[Site "Moscow"]
[Date "2015.01.05"]
[Round "2"]
[White "Shelepen, Aleksandr"]
[Black "Zakirov, Artur"]
[Result "1-0"]
[WhiteElo "1815"]
[BlackElo "1681"]
[PlyCount "71"]
[EventDate "2015.01.04"]
[EventType "swiss"]
[EventRounds "9"]
[EventCountry "RUS"]
[SourceTitle "CBM 164 Extra"]
[Source "ChessBase"]
[SourceDate "2015.03.02"]
[SourceVersion "1"]
[SourceVersionDate "2015.03.02"]
[SourceQuality "1"]

1. d4 d5 2. c4 e6 3. Nc3 Be7 4. Nf3 Nf6 5. Bg5 0-0 6. Qc2 Nbd7 7. e3 c5 8. Bd3 dxc4 9. Bxc4 a6 10. a4 Nb6 11. Bd3 h6 12. Bxf6 Bxf6 13. dxc5 Nd5 14. Nxd5 Qxd5 15. 0-0 Rb8 16. Rfd1 Qh5 17. Rac1 e5 18. Be4 Be6 19. b4 b6 20. c6 Be7 21. c7 Rbc8 22. Bb7 Rce8 23. Qc3 e4 24. Bxe4 Bf6 25. Qc6 Bg4 26. Rd5 Bg5 27. Nxg5 hxg5 28. Bf5 Bxf5 29. Rxf5 Qg4 30. Qd7 Qxb4 31. h3 Qb2 32. c8Q Rxc8 33. Rxc8 Rxc8 34. Qxc8+ Kh7 35. Rxg5 Qb3 36. Rh5+ 1-0

[Event "Moscow Petrosian Memorial op"]
[Site "Moscow"]
[Date "2015.??.??"]
[Round "1"]
[White "Zaika, Daniil"]
[Black "Zakirov, Artur"]
[Result "1-0"]
[WhiteElo "1983"]
[BlackElo "1681"]
[PlyCount "57"]
[EventDate "2015.01.04"]
[EventType "swiss"]
[EventRounds "9"]
[EventCountry "RUS"]
[SourceTitle "CBM 164 Extra"]
[Source "ChessBase"]
[SourceDate "2015.03.02"]
[SourceVersion "1"]
[SourceVersionDate "2015.03.02"]
[SourceQuality "1"]

1. d4 d5 2. Nf3 Nf6 3. e3 e6 4. b3 Be7 5. Bb2 0-0 6. Bd3 Nbd7 7. 0-0 c5 8. Nbd2 Qc7 9. c4 cxd4 10. exd4 dxc4 11. Nxc4 Nd5 12. Rc1 N7f6 13. Nfe5 Qb8 14. Qf3 Bd6 15. Bb1 b6 16. Qh3 Nf4 17. Qf3 N4d5 18. Qg3 h6 19. Nxd6 Qxd6 20. Rc6 Qb4 21. Rc4 Qd6 22. Bc1 Nh5 23. Qd3 Ndf6 24. Rc6 Qe7 25. Ng4 Bb7 26. Rc3 a5 27. Nxh6+ gxh6 28. Bxh6 Qd6 29. Qd2 1-0